[Event "Konnerud høstturnering"]
[Site "Malmveien 15"]
[Date "2020.09.02"]
[Round "1"]
[White "Løvaas, Roger"]
[Black "Aure, Håvard"]
[Result "1/2-1/2"]
[WhiteElo "1514"]
[BlackElo "1334"]
[PlyCount "86"]
[EventDate "2020.??.??"]

1. d4 Nf6 2. Bf4 d5 3. Nf3 e6 4. e3 c5 5. c3 Qb6 6. Qb3 Qa5 7. Qb5+ Qxb5 8.
Bxb5+ Nc6 9. Ne5 Bd7 10. Nxd7 Nxd7 11. Nd2 a6 12. Ba4 b5 13. Bc2 Be7 14. Nf3
cxd4 15. Nxd4 Nxd4 16. exd4 O-O 17. O-O Rac8 18. Bd3 Nb6 19. Rfc1 Nc4 20. Rc2
Bd6 21. Bxd6 Nxd6 22. a4 Ra8 23. b3 Rfc8 24. Rac1 bxa4 25. bxa4 Nc4 26. Kf1 g6
27. Ke2 Rab8 28. Ra2 Rb3 29. Bxc4 Rxc4 30. Kd2 a5 31. Rcc2 Kg7 32. Kd3 h5 33.
h4 f5 34. f4 Rb1 35. Rab2 Rxb2 36. Rxb2 Rxa4 37. Kc2 Ra1 38. Rb1 Ra4 39. Kb3
Rc4 40. Ra1 Kf7 41. Rxa5 Rc7 42. Kb4 Rc4+ 43. Kb3 Rc7
1/2-1/2

[Event "Konnerud høstturnering"]
[Site "Malmveien 15"]
[Date "2020.08.19"]
[Round "1"]
[White "Kierulf, Villum Brevick"]
[Black "Ruud, Steffen"]
[Result "1-0"]
[WhiteElo "1471"]
[BlackElo "1456"]
[PlyCount "53"]
[EventDate "2020.??.??"]

1. d4 d5 2. Nf3 Nc6 3. e3 Nf6 4. Bd3 Bg4 5. Nbd2 e5 6. dxe5 Nxe5 7. b3 Bb4 8.
a3 Bxd2+ 9. Bxd2 Bxf3 10. gxf3 O-O 11. Bc3 Re8 12. Bxe5 Rxe5 13. f4 Re6 14. Qd2
d4 15. O-O-O dxe3 16. fxe3 Qe7 17. Qg2 Qxa3+ 18. Kd2 Qb4+ 19. Kc1 Rxe3 20. Rhg1
g6 21. f5 Qf4 22. Kb1 Ne4 23. fxg6 hxg6 24. Bc4 Nc3+ 25. Ka1 Nxd1 26. Qxg6+ Kh8
27. Qg7#
1-0

[Event "Konnerud høstturnering"]
[Site "Malmveien 15"]
[Date "2020.09.02"]
[Round "1"]
[White "Hefte, Kjetil"]
[Black "Marthinussen, Viktor Andre"]
[Result "1/2-1/2"]
[WhiteElo "1309"]
[BlackElo "1442"]
[PlyCount "41"]
[EventDate "2020.??.??"]

1. d4 Nf6 2. Bf4 e6 3. Nf3 Nc6 4. c3 Be7 5. e3 O-O 6. Bd3 d5 7. Nbd2 h6 8. Ne5
Nxe5 9. Bxe5 Nh7 10. Qc2 Ng5 11. h4 Ne4 12. Nxe4 dxe4 13. Bxe4 Bxh4 14. O-O-O
c6 15. Bh2 a5 16. g3 Be7 17. g4 a4 18. f4 a3 19. b3 f5 20. gxf5 exf5 21. Bd3
1/2-1/2

[Event "Konnerud høstturnering"]
[Site "Malmveien 15"]
[Date "2020.09.23"]
[Round "2"]
[White "Løvaas, Roger"]
[Black "Andersson, Øivind"]
[Result "1-0"]
[WhiteElo "1514"]
[BlackElo "1423"]
[PlyCount "69"]
[EventDate "2020.??.??"]

1. d4 g6 2. Bf4 Bg7 3. Nf3 Nf6 4. e3 O-O 5. c4 e6 6. Nc3 d5 7. Qb3 c6 8. Be2
Nh5 9. Bg5 f6 10. Bh4 g5 11. Bg3 Nxg3 12. hxg3 Nd7 13. Qc2 h6 14. O-O-O f5 15.
Ne5 Nxe5 16. dxe5 Qc7 17. f4 g4 18. Rh2 Kf7 19. Bd3 Rh8 20. Ne2 Qb6 21. c5 Qc7
22. Nd4 Bd7 23. Rh5 Raf8 24. b4 Kg6 25. Rhh1 b6 26. Kd2 Rb8 27. Rb1 Rb7 28. Rh4
Rhb8 29. Rxg4+ Kf7 30. Bxf5 bxc5 31. Bxe6+ Bxe6 32. Qg6+ Kg8 33. Nxe6 Qe7 34.
Rh1 Qf7 35. Qxh6
1-0

[Event "Konnerud høstturnering"]
[Site "Malmveien 15"]
[Date "2020.08.26"]
[Round "2"]
[White "Ruud, Steffen"]
[Black "Fagervik, Geir"]
[Result "1/2-1/2"]
[WhiteElo "1456"]
[BlackElo "1426"]
[PlyCount "106"]
[EventDate "2020.??.??"]

1. d4 d5 2. Nc3 e6 3. Nf3 Bb4 4. Bd2 Nf6 5. e3 O-O 6. Ne5 Nbd7 7. Nd3 Bxc3 8.
Bxc3 a5 9. Be2 Ne4 10. f3 Nxc3 11. bxc3 b6 12. O-O Ba6 13. f4 c5 14. Ne5 Nxe5
15. fxe5 Bxe2 16. Qxe2 Rc8 17. Rf3 cxd4 18. cxd4 Qc7 19. Rc1 Qc4 20. Qxc4 Rxc4
21. c3 b5 22. a3 b4 23. axb4 axb4 24. Rf2 Rfc8 25. Ra2 b3 26. Ra3 Rb8 27. Kf2
h6 28. Ke2 Kh7 29. Kd3 b2 30. Rb1 Kg6 31. Kc2 Kf5 32. Rxb2 Rxb2+ 33. Kxb2 f6
34. exf6 gxf6 35. Kc2 h5 36. Kd3 Rc6 37. Ra5 Kg4 38. Rc5 Rd6 39. e4 Kf4 40.
exd5 exd5 41. c4 dxc4+ 42. Kxc4 h4 43. d5 Ke4 44. Kc3 Rxd5 45. Rc4+ Kf5 46.
Rxh4 Kg5 47. g3 Rf5 48. Kd4 Re5 49. Rf4 Re2 50. h4+ Kg6 51. g4 Rh2 52. g5 fxg5
53. hxg5 Kxg5
1/2-1/2

[Event "Konnerud høstturnering"]
[Site "Malmveien 15"]
[Date "2020.08.26"]
[Round "2"]
[White "Aure, Håvard"]
[Black "Marthinussen, Viktor Andre"]
[Result "1/2-1/2"]
[WhiteElo "1334"]
[BlackElo "1442"]
[PlyCount "75"]
[EventDate "2020.??.??"]

1. c4 Nf6 2. Nc3 e5 3. g3 Bc5 4. Bg2 O-O 5. Nf3 Nc6 6. O-O d6 7. e3 Bg4 8. d3
Qd7 9. Na4 b6 10. a3 a5 11. Qd2 Rae8 12. b4 Nxb4 13. Nxc5 dxc5 14. axb4 cxb4
15. Bb2 e4 16. Ne5 Qf5 17. dxe4 Nxe4 18. Bxe4 Qxe4 19. Nxg4 Qxg4 20. Qc2 Re6
21. Rad1 Rc6 22. Rd4 Qe6 23. Rfd1 Rc5 24. Re4 Qc6 25. Rdd4 a4 26. Qd3 a3 27.
Bxa3 bxa3 28. Qxa3 Ra5 29. Qb2 h6 30. Rg4 Qa8 31. Rd1 g5 32. Qf6 Kh7 33. h4 Qc8
34. f3 Rf5 35. Qc6 Qe8 36. Qxe8 Rxe8 37. Kf2 Kg6 38. hxg5
1/2-1/2

[Event "Konnerud høstturnering"]
[Site "Malmveien 15"]
[Date "2020.10.14"]
[Round "3"]
[White "Kierulf, Villum Brevick"]
[Black "Løvaas, Roger"]
[Result "1/2-1/2"]
[WhiteElo "1471"]
[BlackElo "1514"]
[PlyCount "106"]
[EventDate "2020.??.??"]

1. d4 e6 2. Nf3 Nf6 3. e3 d5 4. Bd3 c5 5. b3 Nc6 6. a3 Bd6 7. Bb2 O-O 8. O-O
Re8 9. Ne5 Qc7 10. f4 cxd4 11. exd4 Ne7 12. Nd2 Nf5 13. Rf3 h6 14. Rh3 Nh7 15.
g4 Ne7 16. g5 Ng6 17. Bxg6 fxg6 18. gxh6 Rf8 19. Nxg6 Rf6 20. Ne5 Rxf4 21. hxg7
Bxe5 22. dxe5 Rf7 23. Qh5 Rxg7+ 24. Kh1 Qf7 25. Qxf7+ Rxf7 26. Rg1+ Rg7 27.
Rxg7+ Kxg7 28. Nf3 b6 29. Nd4 Bd7 30. Rc3 Rc8 31. Rxc8 Bxc8 32. Nb5 a6 33. Nd6
Bd7 34. Bd4 b5 35. Kg2 Kg6 36. Kg3 Ng5 37. h4 Ne4+ 38. Nxe4 dxe4 39. Kf4 Bc6
40. Kg4 Be8 41. h5+ Kh6 42. Be3+ Kh7 43. Kg5 Bf7 44. Kf6 Bxh5 45. Kxe6 Kg7 46.
c4 bxc4 47. bxc4 Bf7+ 48. Kf5 Bxc4 49. Kxe4 Kf7 50. Kd4 Ba2 51. Kc5 Ke6 52. Bd4
Bb1 53. Kb6 Bd3
1/2-1/2

[Event "Konnerud høstturnering"]
[Site "Malmveien 15"]
[Date "2020.09.09"]
[Round "3"]
[White "Andersson, Øivind"]
[Black "Aure, Håvard"]
[Result "1-0"]
[WhiteElo "1423"]
[BlackElo "1334"]
[PlyCount "109"]
[EventDate "2020.??.??"]

1. e4 e5 2. Nf3 Nc6 3. c3 Nf6 4. d3 d5 5. exd5 Nxd5 6. Be2 Bd6 7. Bg5 Be7 8.
Bxe7 Qxe7 9. O-O O-O 10. Nbd2 Bf5 11. Ne4 Rad8 12. Qc2 Nf4 13. Rad1 Rd7 14. Ne1
Rfd8 15. f3 Qe6 16. Nc5 Qg6 17. Nxd7 Rxd7 18. Kh1 Rd6 19. Rf2 Qg5 20. Bf1 Rg6
21. Rdd2 Nh3 22. Rfe2 Nf4 23. Rf2 Nh3 24. Qb3 Nxf2+ 25. Rxf2 b6 26. Qd1 Rh6 27.
Qd2 Qg3 28. h3 Rd6 29. Qe3 g6 30. Rd2 Qf4 31. Qxf4 exf4 32. d4 Be6 33. a3 Ne7
34. Bd3 Nf5 35. Bxf5 Bxf5 36. Nd3 g5 37. Ne5 f6 38. Ng4 Kg7 39. Re2 Re6 40.
Rxe6 Bxe6 41. Kg1 Bxg4 42. hxg4 Kg6 43. Kf2 f5 44. c4 fxg4 45. fxg4 Kf6 46. b4
Ke6 47. Kf3 c6 48. Ke4 h6 49. d5+ cxd5+ 50. cxd5+ Kd6 51. a4 a6 52. Kd4 Ke7 53.
Ke5 Kd7 54. d6 Kd8 55. Ke6
1-0

[Event "Konnerud høstturnering"]
[Site "Malmveien 15"]
[Date "2020.09.09"]
[Round "3"]
[White "Marthinussen, Viktor Andre"]
[Black "Nilsen, Helmer"]
[Result "0-1"]
[WhiteElo "1442"]
[BlackElo "1472"]
[PlyCount "86"]
[EventDate "2020.??.??"]

1. e4 c5 2. Nf3 d6 3. Nc3 Nf6 4. d4 cxd4 5. Nxd4 Nc6 6. f3 a6 7. Be3 g6 8. Qd2
Bg7 9. O-O-O O-O 10. h4 h5 11. g4 Qa5 12. g5 Nd7 13. Kb1 Nde5 14. Be2 b5 15. f4
Nxd4 16. Bxd4 Nc4 17. Bxc4 bxc4 18. Bxg7 Kxg7 19. Qd4+ Kg8 20. Qxc4 Be6 21. Qa4
Qc7 22. Qd4 Rfc8 23. Rhf1 Rab8 24. Ka1 a5 25. Rd2 Rb4 26. Qe3 Qc4 27. Rff2 Rxb2
28. Kxb2 Qb4+ 29. Ka1 Rxc3 30. Rd3 Qa3 31. Kb1 Bxa2+ 32. Ka1 Bc4+ 33. Kb1 Qa2+
34. Kc1 Qa1+ 35. Kd2 Bxd3 36. cxd3 Qb2+ 37. Kd1 Qb1+ 38. Ke2 Rc2+ 39. Kf3 Rxf2+
40. Kxf2 Qc2+ 41. Kf3 a4 42. d4 Qb3 43. Qxb3 axb3
0-1

[Event "Konnerud høstturnering"]
[Site "Malmveien 15"]
[Date "2020.09.16"]
[Round "4"]
[White "Løvaas, Roger"]
[Black "Fagervik, Geir"]
[Result "1-0"]
[WhiteElo "1514"]
[BlackElo "1426"]
[PlyCount "79"]
[EventDate "2020.??.??"]

1. g3 e5 2. Bg2 Bc5 3. e3 Nc6 4. Nc3 Nf6 5. Nf3 d6 6. O-O Bg4 7. Ne2 h6 8. c3
Qd7 9. a4 a5 10. d4 Bb6 11. Re1 e4 12. Nd2 d5 13. Qb3 O-O-O 14. c4 Nb4 15. c5
Nd3 16. Qd1 Nxe1 17. Qxe1 Ba7 18. Nb3 b6 19. Bd2 h5 20. Bxa5 bxa5 21. Qxa5 Kb8
22. Qa6 Qc8 23. Qb5+ Qb7 24. Qxb7+ Kxb7 25. Nc3 c6 26. Bf1 Rb8 27. Na5+ Kc7 28.
Rb1 h4 29. b4 hxg3 30. fxg3 Kd7 31. Ba6 Bxc5 32. dxc5 Ra8 33. b5 cxb5 34. Bxb5+
Kc7 35. Nc6 Bd7 36. Ne5 Bxb5 37. Nxb5+ Kc8 38. Nd6+ Kc7 39. Rb7+ Kd8 40. Nc6#
1-0

[Event "Konnerud høstturnering"]
[Site "Malmveien 15"]
[Date "2020.09.16"]
[Round "4"]
[White "Andersson, Øivind"]
[Black "Kierulf, Villum Brevick"]
[Result "0-1"]
[WhiteElo "1423"]
[BlackElo "1471"]
[PlyCount "78"]
[EventDate "2020.??.??"]

1. e4 d5 2. exd5 Nf6 3. Nc3 Nxd5 4. Nxd5 Qxd5 5. Nf3 Bg4 6. Be2 e6 7. O-O Bd6
8. d3 Qh5 9. g3 Nc6 10. c3 Ne5 11. Nd4 Bxe2 12. Qxe2 Qxe2 13. Nxe2 Nxd3 14. Nd4
Nxc1 15. Raxc1 O-O-O 16. Rcd1 Be5 17. Kg2 Bxd4 18. cxd4 Rd5 19. Rd2 Rhd8 20.
Rfd1 e5 21. Kf3 exd4 22. Ke4 c5 23. b3 g5 24. g4 f6 25. f4 gxf4 26. Kxf4 h5 27.
h3 hxg4 28. hxg4 Kc7 29. Re1 Kd6 30. Rde2 Kc6 31. Re7 R8d7 32. R1e6+ R5d6 33.
Kf5 d3 34. Rxd7 Kxd7 35. Re1 b5 36. Rd1 c4 37. bxc4 bxc4 38. Ke4 d2 39. Ke3 c3
0-1

[Event "Konnerud høstturnering"]
[Site "Malmveien 15"]
[Date "2020.10.14"]
[Round "4"]
[White "Ruud, Steffen"]
[Black "Marthinussen, Viktor Andre"]
[Result "1-0"]
[WhiteElo "1456"]
[BlackElo "1442"]
[PlyCount "45"]
[EventDate "2020.??.??"]

1. d4 Nf6 2. Nc3 e6 3. e4 Bb4 4. e5 Nd5 5. Bd2 O-O 6. Bc4 Nc6 7. Nxd5 exd5 8.
Bxd5 a5 9. c3 Be7 10. Nf3 h6 11. O-O Qe8 12. Re1 Nd8 13. Qc1 c6 14. Be4 Ne6 15.
b3 d5 16. Bb1 Qd8 17. Qc2 g6 18. Bxh6 Re8 19. Bc1 Kg7 20. Qd2 Rh8 21. a4 Ng5
22. Nxg5 Bxg5 23. Qxg5
1-0

[Event "Konnerud høstturnering"]
[Site "Malmveien 15"]
[Date "2020.09.16"]
[Round "4"]
[White "Aure, Håvard"]
[Black "Nilsen, Helmer"]
[Result "1-0"]
[WhiteElo "1334"]
[BlackElo "1472"]
[PlyCount "49"]
[EventDate "2020.??.??"]

1. c4 c5 2. g3 e6 3. Bg2 Ne7 4. Nc3 a6 5. Nf3 Nbc6 6. O-O g6 7. d4 Bg7 8. d5
Nd4 9. e3 Nxf3+ 10. Bxf3 d6 11. e4 O-O 12. Rb1 e5 13. b4 b6 14. bxc5 bxc5 15.
Qb3 Bh3 16. Bg2 Bxg2 17. Kxg2 Rb8 18. Qc2 Rxb1 19. Qxb1 Qc7 20. a3 f5 21. f3 h6
22. Rf2 f4 23. Rb2 Rb8 24. Rxb8+ Kf7 25. Qb6
1-0

[Event "Konnerud høstturnering"]
[Site "Malmveien 15"]
[Date "2020.09.30"]
[Round "5"]
[White "Hefte, Kjetil"]
[Black "Løvaas, Roger"]
[Result "0-1"]
[WhiteElo "1309"]
[BlackElo "1514"]
[PlyCount "72"]
[EventDate "2020.??.??"]

1. d4 e6 2. Bf4 Nf6 3. Nf3 d5 4. e3 c5 5. c3 Nc6 6. Bd3 cxd4 7. exd4 Bd6 8. Ne5
Qc7 9. Qe2 O-O 10. Nd2 h6 11. h3 Nh7 12. Bh2 f6 13. Bxh7+ Kxh7 14. Qd3+ Kg8 15.
Nef3 Bxh2 16. Nxh2 e5 17. Nb3 e4 18. Qg3 Qxg3 19. fxg3 b6 20. O-O-O Ba6 21. Nf1
Rac8 22. Ne3 Nb4 23. Kb1 Bd3+ 24. Ka1 Nc2+ 25. Nxc2 Bxc2 26. Rc1 Bd3 27. Nd2 b5
28. Nf1 b4 29. Ne3 bxc3 30. bxc3 Bc4 31. Nxc4 Rxc4 32. Rhe1 Rfc8 33. Re3 Rxd4
34. cxd4 Rxc1+ 35. Kb2 Rc4 36. g4 Rxd4
0-1

[Event "Konnerud høstturnering"]
[Site "Malmveien 15"]
[Date "2020.10.15"]
[Round "5"]
[White "Fagervik, Geir"]
[Black "Andersson, Øivind"]
[Result "1-0"]
[WhiteElo "1426"]
[BlackElo "1423"]
[PlyCount "100"]
[EventDate "2020.??.??"]

1. d4 g6 2. Nf3 Bg7 3. c4 Nf6 4. Nc3 c6 5. e3 O-O 6. Bd3 d5 7. b3 Nbd7 8. O-O
Re8 9. cxd5 cxd5 10. Bb5 a6 11. Bxd7 Bxd7 12. h3 Qc8 13. Bb2 Bxh3 14. gxh3 Qxh3
15. Nh2 e5 16. Qf3 Qxf3 17. Nxf3 exd4 18. Nxd4 Rad8 19. Rad1 Re5 20. Nf3 Rh5
21. Ne2 d4 22. exd4 Ne4 23. Ng3 Nxg3 24. fxg3 Rhd5 25. Rfe1 Bf6 26. Re4 Kg7 27.
Rc1 R8d7 28. Rc4 b5 29. Rc6 a5 30. Rf4 Bd8 31. Rc5 Bc7 32. Rxd5 Rxd5 33. Re4
Bxg3 34. Kg2 Bc7 35. Re7 Bd8 36. Re5 Rxe5 37. dxe5 Kh6 38. Nd4 b4 39. e6 fxe6
40. Nxe6 Bb6 41. Bd4 Bxd4 42. Nxd4 Kg5 43. Nc6 Kf5 44. Nxa5 Ke4 45. Nc6 Kd3 46.
Nxb4+ Kc3 47. Nd5+ Kd4 48. Ne7 Kc5 49. Kg3 Kd6 50. Ng8 Ke6
1-0

[Event "Konnerud høstturnering"]
[Site "Malmveien 15"]
[Date "2020.11.09"]
[Round "5"]
[White "Kierulf, Villum Brevick"]
[Black "Aure, Håvard"]
[Result "1-0"]
[WhiteElo "1471"]
[BlackElo "1334"]
[PlyCount "107"]
[EventDate "2020.??.??"]

1. d4 Nf6 2. Nf3 d5 3. e3 e6 4. Bd3 Bb4+ 5. c3 Ba5 6. Qa4+ c6 7. O-O O-O 8.
Nbd2 Bc7 9. Ne5 Nbd7 10. f4 Nxe5 11. dxe5 Ng4 12. Nf3 Bb6 13. Re1 f6 14. h3 Nh6
15. g4 fxe5 16. Nxe5 Qh4 17. Kg2 Qxe1 18. Nf3 Qxc1 19. Rxc1 Bxe3 20. Re1 Bxf4
21. g5 b5 22. Qd4 c5 23. Qxc5 Nf5 24. Bxf5 Rxf5 25. h4 Rf7 26. Qxb5 Rb8 27. Qe2
Bd7 28. b3 Rbf8 29. c4 dxc4 30. bxc4 Bc6 31. Qxe6 Bxf3+ 32. Kxf3 Bd2+ 33. Ke2
Bxe1 34. Kxe1 Kh8 35. h5 Rf2 36. h6 gxh6 37. gxh6 R2f6 38. Qe7 R6f7 39. Qe5+
Rf6 40. c5 Kg8 41. c6 Kf7 42. Qc7+ Ke6 43. Qd7+ Ke5 44. c7 Rf1+ 45. Kd2 R8f2+
46. Kc3 Rf3+ 47. Kc4 Rc1+ 48. Kb4 Rfc3 49. Qe8+ Kf6 50. Qh8+ Ke6 51. Qxc3 Rxc3
52. Kxc3 Kd7 53. Kc4 Kxc7 54. Kc5 
1-0

[Event "Konnerud høstturnering"]
[Site "Malmveien 15"]
[Date "2020.11.04"]
[Round "5"]
[White "Nilsen, Helmer"]
[Black "Ruud, Steffen"]
[Result "1-0"]
[WhiteElo "1472"]
[BlackElo "1456"]
[PlyCount "127"]
[EventDate "2020.??.??"]

1. d4 d5 2. c4 dxc4 3. e4 e6 4. Nc3 c6 5. Bxc4 b5 6. Bb3 b4 7. Nce2 Nf6 8. Bg5
Be7 9. Nf3 Nxe4 10. Bf4 O-O 11. Rc1 Nf6 12. O-O Bb7 13. Bxb8 Rxb8 14. Ne5 Rc8
15. Nd3 a5 16. Nc5 Bxc5 17. dxc5 Qc7 18. Qc2 Rcd8 19. Rfd1 Rd7 20. Rxd7 Qxd7
21. Rd1 Qe7 22. Ba4 Nd7 23. Rd6 Nb8 24. Qd2 Na6 25. Qd4 Qg5 26. h4 Qxc5 27. Rd8
Rxd8 28. Qxd8+ Qf8 29. Qxa5 c5 30. Bb5 Qa8 31. Qb6 Qc8 32. Nc1 Nb8 33. Nb3 Nd7
34. Bxd7 Qa8 35. Nxc5 Bxg2 36. Qc7 Bd5 37. Qc8+ Qxc8 38. Bxc8 Bxa2 39. Nd3 b3
40. Nc5 Kf8 41. Ne4 Ke7 42. Nd2 Kd6 43. Ba6 Ke5 44. Bc4 Kf4 45. Kg2 Kg4 46. Nf3
Bb1 47. Ne5+ Kxh4 48. Nxf7 Be4+ 49. f3 Bd5 50. Ne5 Kg5 51. Kg3 h5 52. f4+ Kf5
53. Bxd5 exd5 54. Kf3 g5 55. Nd3 g4+ 56. Kg3 Ke4 57. Nc5+ Ke3 58. f5 Kd2 59.
Nxb3+ Kc2 60. Nd4+ Kxb2 61. f6 Kc3 62. Nf5 d4 63. Nxd4 Kxd4 64. f7
1-0

[Event "Konnerud høstturnering"]
[Site "Malmveien 15"]
[Date "2020.10.07"]
[Round "6"]
[White "Løvaas, Roger"]
[Black "Marthinussen, Viktor Andre"]
[Result "1-0"]
[WhiteElo "1514"]
[BlackElo "1442"]
[PlyCount "79"]
[EventDate "2020.??.??"]

1. d4 Nf6 2. Bf4 d5 3. Nf3 e6 4. e3 Bb4+ 5. c3 Bd6 6. Bg3 O-O 7. Qc2 a5 8. Bd3
g6 9. Nbd2 c5 10. b3 Nc6 11. e4 Be7 12. h3 b6 13. O-O Ba6 14. Bxa6 Rxa6 15. Qd3
Ra7 16. Qb5 dxe4 17. Qxc6 exf3 18. Nxf3 Nd5 19. Rac1 Rc7 20. Bxc7 Nxc7 21. Qxb6
cxd4 22. Rfd1 Nd5 23. Qxd8 Rxd8 24. Rxd4 Bf6 25. Rd3 Kg7 26. Rcd1 Rc8 27. c4
Nc3 28. R1d2 Ne4 29. Rc2 Nc5 30. Rd1 Ne4 31. g4 h6 32. Rd7 Rc5 33. Re2 Nc3 34.
Rxe6 Nxa2 35. Red6 a4 36. bxa4 Rxc4 37. a5 Nb4 38. Rb6 Rc5 39. Rxb4 Rxa5 40.
Rbb7
1-0

[Event "Konnerud høstturnering"]
[Site "Malmveien 15"]
[Date "2020.10.07"]
[Round "6"]
[White "Andersson, Øivind"]
[Black "Hefte, Kjetil"]
[Result "1-0"]
[WhiteElo "1423"]
[BlackElo "1309"]
[PlyCount "97"]
[EventDate "2020.??.??"]

1. e4 d5 2. exd5 Qxd5 3. Nc3 Qd8 4. d4 Nf6 5. Nf3 Bg4 6. Be2 e6 7. O-O c6 8. a3
Nbd7 9. Be3 Be7 10. Ne5 Bxe2 11. Qxe2 O-O 12. Rad1 Qc7 13. Bf4 Rad8 14. Ng6 Qb6
15. Nxf8 Bxf8 16. b4 Nd5 17. Nxd5 cxd5 18. c4 Nf6 19. c5 Qc6 20. b5 Qd7 21. f3
Ne8 22. a4 b6 23. c6 Qc8 24. Rc1 Bd6 25. Bxd6 Nxd6 26. Rfe1 Nc4 27. Rc3 Re8 28.
f4 Qc7 29. Qg4 Qd6 30. Rg3 g6 31. Qg5 Qe7 32. Qh6 Qf8 33. Qg5 Qe7 34. Qg4 f5
35. Qg5 Qxg5 36. fxg5 Nd6 37. h4 Ne4 38. Rf3 Nd2 39. Rc3 Nc4 40. Re2 Kf7 41. g3
Re7 42. Kf2 Rc7 43. Kf3 Nd6 44. Kf4 Ne4 45. Rcc2 Ke7 46. Re3 Kd6 47. g4 Ke7 48.
gxf5 exf5 49. Ke5
1-0

[Event "Konnerud høstturnering"]
[Site "Malmveien 15"]
[Date "2020.10.07"]
[Round "6"]
[White "Kierulf, Villum Brevick"]
[Black "Fagervik, Geir"]
[Result "1-0"]
[WhiteElo "1471"]
[BlackElo "1426"]
[PlyCount "61"]
[EventDate "2020.??.??"]

1. e4 e5 2. f4 exf4 3. Nf3 Ne7 4. Bc4 Ng6 5. O-O Bc5+ 6. d4 Bb6 7. c3 d6 8. Qe1
O-O 9. h4 Ne5 10. Be2 Bg4 11. Nxe5 Bxe2 12. Nxf7 Rxf7 13. Qxe2 Qxh4 14. e5 dxe5
15. Qxe5 Nc6 16. Rxf4 Nxe5 17. Rxh4 Raf8 18. Nd2 Nd3 19. b3 Rf2 20. Ba3 Rxd2
21. Bxf8 Kxf8 22. Rf1+ Kg8 23. Re4 h6 24. Re8+ Kh7 25. Rf7 Kg6 26. Ree7 Rd1+
27. Kh2 Re1 28. Rxg7+ Kh5 29. Ref7 Re2 30. Kh3 Rf2 31. g4#
1-0

[Event "Konnerud høstturnering"]
[Site "Malmveien 15"]
[Date "2020.10.07"]
[Round "6"]
[White "Aure, Håvard"]
[Black "Ruud, Steffen"]
[Result "0-1"]
[WhiteElo "1334"]
[BlackElo "1456"]
[PlyCount "32"]
[EventDate "2020.??.??"]

1. c4 Nc6 2. Nc3 e6 3. Nf3 Bb4 4. a3 Bxc3 5. bxc3 Nf6 6. d4 d5 7. c5 O-O 8. g3
b6 9. cxb6 axb6 10. Bg2 Na5 11. Ne5 c5 12. O-O Nd7 13. Rb1 Nxe5 14. dxe5 Nc4
15. Qb3 Bd7 16. Rd1 Ba4
0-1

[Event "Konnerud høstturnering"]
[Site "Malmveien 15"]
[Date "2020.08.19"]
[Round "7"]
[White "Nilsen, Helmer"]
[Black "Løvaas, Roger"]
[Result "1-0"]
[WhiteElo "1472"]
[BlackElo "1514"]
[PlyCount "33"]
[EventDate "2020.??.??"]

1. c4 e5 2. Nc3 Bc5 3. e3 Nc6 4. Be2 Nge7 5. Nf3 d6 6. a3 a5 7. d4 exd4 8. Nxd4
Bd7 9. O-O O-O 10. Bd2 Nxd4 11. exd4 Bxd4 12. Bg4 Ng6 13. Bxd7 Qxd7 14. Qc2 Qc6
15. Qd3 Qxg2+ 16. Kxg2 Nf4+ 17. Bxf4
1-0

[Event "Konnerud høstturnering"]
[Site "Malmveien 15"]
[Date "2020.10.21"]
[Round "7"]
[White "Marthinussen, Viktor Andre"]
[Black "Andersson, Øivind"]
[Result "1-0"]
[WhiteElo "1442"]
[BlackElo "1423"]
[PlyCount "118"]
[EventDate "2020.??.??"]

1. e4 c5 2. Nf3 g6 3. d4 Bg7 4. dxc5 Qa5+ 5. c3 Qxc5 6. Bd3 e6 7. Be3 Qc7 8.
O-O Nf6 9. Qd2 Ng4 10. Bf4 e5 11. Bg5 h6 12. Be3 d6 13. h3 Nf6 14. Na3 a6 15.
Nc4 Nbd7 16. Rad1 b5 17. Na3 Bf8 18. Bc2 Bb7 19. Rfe1 Nxe4 20. Qc1 Ndf6 21. Nb1
Bc6 22. Nbd2 Qb7 23. Nh4 Ng5 24. Nf1 Nge4 25. f3 Ng5 26. Bxg5 hxg5 27. Qxg5 Be7
28. Nxg6 Rg8 29. Qf5 fxg6 30. Qe6 Kf8 31. Rxd6 Bxd6 32. Qxd6+ Kg7 33. Rxe5 Rae8
34. Rc5 Bd5 35. Rc7+ Qxc7 36. Qxc7+ Kh6 37. Qf4+ Kg7 38. Qc7+ Bf7 39. a3 Rc8
40. Qb6 Ra8 41. b4 Rgb8 42. Qd4 Rd8 43. Qf2 Rd6 44. Ne3 Be6 45. Qg3 Ne8 46.
Qxg6+ Kf8 47. Qh6+ Ke7 48. Qg5+ Nf6 49. Qg7+ Bf7 50. Nf5+ Ke6 51. Nxd6 Ra7 52.
Ne4 Nxe4 53. Bxe4 Re7 54. Qg4+ Kd6 55. h4 Be6 56. Qf4+ Kd7 57. h5 Rf7 58. Qd2+
Ke7 59. h6 Bf5
1-0

[Event "Konnerud høstturnering"]
[Site "Malmveien 15"]
[Date "2020.10.21"]
[Round "7"]
[White "Hefte, Kjetil"]
[Black "Kierulf, Villum Brevick"]
[Result "0-1"]
[WhiteElo "1309"]
[BlackElo "1471"]
[PlyCount "58"]
[EventDate "2020.??.??"]

1. d4 Nf6 2. Bf4 b6 3. Nf3 Bb7 4. e3 Nh5 5. Bg3 Nxg3 6. hxg3 g6 7. Nbd2 Bg7 8.
c3 d6 9. Be2 Nd7 10. O-O O-O 11. a4 e5 12. Qc2 Re8 13. Rfe1 e4 14. Nh2 d5 15.
Bb5 c6 16. Be2 h5 17. Ndf1 Bf8 18. f3 exf3 19. Bxf3 Bd6 20. Qf2 Nf6 21. Re2 Ne4
22. Bxe4 Rxe4 23. Nf3 Ba6 24. Ree1 Bxf1 25. Kxf1 Qc7 26. Ne5 Bxe5 27. dxe5 Qxe5
28. Rad1 Rxa4 29. Rd4 Ra2
0-1

[Event "Konnerud høstturnering"]
[Site "Malmveien 15"]
[Date "2020.10.28"]
[Round "8"]
[White "Andersson, Øivind"]
[Black "Nilsen, Helmer"]
[Result "1-0"]
[WhiteElo "1423"]
[BlackElo "1472"]
[PlyCount "85"]
[EventDate "2020.??.??"]

1. e4 c6 2. f4 e6 3. Nf3 Bc5 4. d4 Bb6 5. Be3 Ne7 6. Bd3 d6 7. c3 Nd7 8. Nbd2
e5 9. f5 d5 10. Qe2 dxe4 11. Bxe4 Nf6 12. dxe5 Nxe4 13. Nxe4 Nxf5 14. Bxb6 Qxb6
15. Nd6+ Nxd6 16. exd6+ Be6 17. Nd4 O-O 18. O-O Rad8 19. Kh1 Rxd6 20. b3 Rfd8
21. Rac1 Qc5 22. Qf2 Bd5 23. Qe3 h6 24. Rf5 Qb6 25. Re5 c5 26. Nf5 Rg6 27. Ne7+
Kh7 28. Nxg6 Qxg6 29. Qf2 Rd6 30. Qf5 Qxf5 31. Rxf5 Be6 32. Rxc5 Rd2 33. Ra5 a6
34. c4 Bd7 35. Rg1 Bc6 36. h3 Kg6 37. Kh2 Kf6 38. a3 Rb2 39. b4 Re2 40. b5 Bd7
41. bxa6 b6 42. a7 Bc6 43. a8=Q
1-0

[Event "Konnerud høstturnering"]
[Site "Malmveien 15"]
[Date "2020.10.28"]
[Round "8"]
[White "Kierulf, Villum Brevick"]
[Black "Marthinussen, Viktor Andre"]
[Result "1/2-1/2"]
[WhiteElo "1471"]
[BlackElo "1442"]
[PlyCount "104"]
[EventDate "2020.??.??"]

1. e4 e5 2. f4 Nc6 3. Nf3 d6 4. Bc4 h6 5. O-O Qf6 6. Nc3 Be6 7. Nd5 Bxd5 8.
exd5 Na5 9. Bb5+ c6 10. dxc6 Nxc6 11. fxe5 dxe5 12. Re1 Bc5+ 13. d4 O-O-O 14.
Bxc6 Qxc6 15. Rxe5 Nf6 16. Be3 Ng4 17. Rxc5 Qxc5 18. dxc5 Rxd1+ 19. Rxd1 Nxe3
20. Rd2 Nc4 21. Rd4 Nxb2 22. Ne5 Rd8 23. Rxd8+ Kxd8 24. Nxf7+ Kc7 25. Nd6 Kc6
26. Nf5 Kxc5 27. Nxg7 Kb4 28. Nf5 Ka3 29. Nxh6 a5 30. g4 Nc4 31. g5 Ne5 32. Kg2
Kxa2 33. h4 a4 34. h5 a3 35. g6 Kb1 36. g7 a2 37. g8=Q a1=Q 38. Qg7 b5 39. Nf5
Qa8+ 40. Kh2 Qe4 41. Qg1+ Kb2 42. Qd4+ Qxd4 43. Nxd4 b4 44. Kg3 Kc3 45. Nb5+
Kxc2 46. h6 b3 47. h7 Nf7 48. Kg4 b2 49. Na3+ Kb3 50. Nb1 Kc2 51. Na3+ Kb3 52.
Nb1 Kc2
1/2-1/2